| 000 | 00401nam a22001217a 4500 | ||
|---|---|---|---|
| 082 |
_a346.04 _bSHE |
||
| 100 | _aSherazi, Syed Muhammad Aala | ||
| 245 |
_aManual of Alternate Dispute Resolution Laws (A.D.R) with All Amendments and Up to Date Case Laws / _cSyed Muhammad Aala Sherazi |
||
| 260 |
_aLahore: _bImran Law Book House, _c2023. |
||
| 300 | _a405 p. | ||
| 563 | _aHB. | ||
| 942 |
_2ddc _cBK |
||
| 999 |
_c613964 _d613964 |
||